Russkij jazyk dlja vas konverzačné témy z ruského jazyka 1. časť

Bibliographic Details
Main Authors: Krčmová, Darina (Author), Grigorjanová, Tatjana, 1960- (Author)
Format: Book
Language:Slovak
Published: Bratislava Akadémia Policajného zboru 2002
Subjects:

MARC

LEADER 00000nam a2200000 a 4500
001 vtls001438292
003 SK-MaSNL
005 20260302061427.0
008 240314s2002 xo ae r y slo
015 |a SNBA2002/11-03676 
020 |a 8080542236 
035 |a SNK000393422 
035 |a urn:nbn:sk:snk-amlrrz 
035 |a urn:nbn:sk:snk-am00cb43 
035 |a 3FFE1482-62AE-40F6-9581-0AB1A32F6CAF 
040 |a SNK  |b slo  |c SNK  |e AACR2 
041 0 |a slo 
044 |a xo  |c SK 
080 |a 808.2(075.8)  |2 1981 
100 1 |a Krčmová, Darina  |4 aut  |9 45015 
245 1 0 |a Russkij jazyk dlja vas  |b konverzačné témy z ruského jazyka  |n 1. časť  |c Darina Krčmová, Tatiana Grigorjanová 
260 |a Bratislava  |b Akadémia Policajného zboru  |c 2002 
300 |a 131 s.  |b ilustr.  |c 29 cm 
500 |a 150 výt. 
504 |a Slovník 
650 0 7 |a ruština  |2 SNK  |9 1346 
655 7 |a učebnice vysokých škôl  |2 SNKPH  |9 70191 
700 1 |a Grigorjanová, Tatjana,  |d 1960-  |4 aut  |9 39268 
919 |a 80-8054-223-6 
958 |a TL 
958 |a UV 
999 |c 1125321  |d 1127251 
952 |t P60, <03>, [BOOK], {603}  |a SNK  |b SNK  |y PREZ  |7 0  |p 17A0352015  |o snkSB 65348/1  |i snkKSP 9163/2002  |0 0  |1 0  |4 0  |d 2002-07-31  |f 1  |l 0  |r 2017-06-30 00:00:00  |w 2026-02-24 
952 |t P60, <04>, [BOOK], {604}  |a SNK  |b SNK  |y VYP  |7 0  |p 17A0352130  |o snkSB 65348/1 D1  |i snkKSP 9164/2002  |0 0  |1 0  |4 0  |d 2002-07-31  |l 0  |r 2005-01-02 00:00:00  |w 2026-02-24